Finanční deriváty a jejich oceňování

Gespeichert in:
Bibliographische Detailangaben
1. Verfasser: Záškodný, Přemysl
Weitere Verfasser: Pavlát, Vladislav, Budík, Josef
Format: Buch
Sprache:Tschechisch
Veröffentlicht: Praha Vysoká škola finanční a správní 2007
Schriftenreihe:EUPRESS
Schlagworte:
Tags: Tag hinzufügen
Keine Tags, Fügen Sie das erste Tag hinzu!

MARC

LEADER 00000nam$a2200000$$$4500
001 0073963
005 20240226134101.8
020 |a 978-80-86754-73-4 
041 0 |a cze 
044 |a CZ 
245 1 0 |a Finanční deriváty a jejich oceňování  |c Přemysl Záškodný, Vladislav Pavlát, Josef Budík 
264 1 |a Praha  |b Vysoká škola finanční a správní  |c 2007 
300 |a 161 s. 
490 1 |a EUPRESS 
830 0 |a EUPRESS 
610 2 0 |a deriváty 
610 2 0 |a burzy termínové 
610 2 0 |a obchody termínové 
610 2 0 |a oceňovanie 
610 2 0 |a opcie 
610 2 0 |a futurity 
100 1 |a Záškodný, Přemysl 
700 1 |a Pavlát, Vladislav 
700 1 |a Budík, Josef